| 000 | 01256cam a22003134a 4500 | ||
|---|---|---|---|
| 001 | 17034837 | ||
| 005 | 20170105102856.0 | ||
| 008 | 111104s2012 mdu 001 0 eng | ||
| 010 | _a 2011044792 | ||
| 020 | _a9780742568457 (cloth : alk. paper) | ||
| 020 | _a9780742568464 (pbk. : alk. paper) | ||
| 020 | _a9780742568471 (electronic) | ||
| 040 |
_aDLC _cDLC _dDLC |
||
| 042 | _apcc | ||
| 050 | 0 | 0 |
_aJZ1318 _b.S335 2012 |
| 082 | 0 | 0 |
_a323.6 _223 |
| 100 | 1 | _aSchattle, Hans. | |
| 245 | 1 | 0 |
_aGlobalization and citizenship / _cHans Schattle. |
| 260 |
_aLanham, Md. : _bRowman & Littlefield Publishers, _cc2012. |
||
| 300 |
_avii, 217 p. ; _c24 cm. |
||
| 490 | 0 | _aGlobalization | |
| 504 | _aIncludes bibliographical references and index. | ||
| 505 | 0 | _aA dual dynamic between globalization and citizenship -- The Arab Spring -- A tale of two citizens: Liu Xiaobo and Julian Assange -- Europe's inward turn -- The immigration debate in the United States -- Conclusion. | |
| 650 | 0 |
_aGlobalization _xPolitical aspects. |
|
| 650 | 0 |
_aCitizenship _xHistory _y21st century. |
|
| 906 |
_a7 _bcbc _corignew _d1 _eecip _f20 _gy-gencatlg |
||
| 942 |
_2ddc _cBK |
||
| 999 |
_c14467 _d14467 |
||